banner-ar

جسمك كيف يعمل / (Record no. 51492)

MARC details
000 -الفاتح
حقل البيانات ثابتة الطول 00601nam a2200205Ia 4500
008 - عناصر البيانات ثابتة الطول - معلومات عامة
حقل البيانات ثابتة الطول 140319s9999 xx 000 0 ara d
040 ## - مصدر الفهرسة
وكالة الفهرسة الأصلية GCL /
وكالة النسخ GCL
082 04 - رقم تصنيف ديوى العشرى
رقم التصنيف ط
رقم المادة 611
-- ه ج
100 1# - المدخل الرئيسى - إسم شخصى
الإسم الشخصى سيد رمضان هدارة
245 10 - بيان العنوان
العنوان جسمك كيف يعمل /
بيان المسئوليه,etc سيد رمضان هدارة
700 1# - المدخل الاضافى - اسم شخصى
الإسم الشخصى هندلى , جودى
700 1# - المدخل الاضافى - اسم شخصى
الإسم الشخصى روسون ، كريستوفر
300 ## - الوصف المادى
التعداد 47 ص
490 ## - بيان السلسلة
عنوان السلسلة الهيئة العامة للاستعلامات
رقم المجلد/ التعيين التسلسلي 0
650 04 - المدخل الاضافى بالموضوع-مصطلح موضوعى
مصطلح موضوعي الاطفال
650 04 - المدخل الاضافى بالموضوع-مصطلح موضوعى
مصطلح موضوعي جسم الانسان
650 04 - المدخل الاضافى بالموضوع-مصطلح موضوعى
مصطلح موضوعي التشريح
942 ## - عناصر المدخل الإضافي( كوها)
مصدر التصنيف او مخطط الترفيف Dewey Decimal Classification
Koha [default] item type كتاب
Holdings
حالة التراجع حالة الفقد حالة تلف ليس للاعارة المكان المؤقت الموقع الحالى تاريخ الاكتساب اجمالي اﻻعارات رقم الطلب الباركود تاريخ اخر مشاهدة تاريخ تفعيل السعر نوع وعاء كوها
        مكتبة القاهرة الكبرى مكتبة القاهرة الكبرى 03/26/2014   ط\611\ه ج 123344 03/26/2014 03/26/2014 كتاب

Powered By

EGPV